Guía de Salamanca
Збережено в:
| Автор: | |
|---|---|
| Формат: | Книга |
| Мова: | Іспанська |
| Опубліковано: |
Salamanca
Antonio García
1938
|
| Редагування: | 3a. ed |
| Предмети: | |
| Теги: |
Додати тег
Немає тегів, Будьте першим, хто поставить тег для цього запису!
|
MARC
| LEADER | 00000nam a2200000 a 4500 | ||
|---|---|---|---|
| 001 | UCZ7668 | ||
| 003 | CL-VaPUC | ||
| 008 | 960109e19380000SP |||||||||||||||||spa|d | ||
| 082 | 0 | 4 | |a 910.202 |b HUA |2 21 |
| 100 | 0 | |a Huarte y Echenique, Amalio |e author |9 352654 | |
| 245 | 1 | 0 | |a Guía de Salamanca |
| 250 | |a 3a. ed | ||
| 300 | |a 174 p | ||
| 942 | |c BK | ||
| 945 | |d 19960109 00:00:00 |a rleighto | ||
| 260 | |a Salamanca |b Antonio García |c 1938 | ||
| 650 | 7 | |a GUIAS TURISTICAS |2 CL-VaPUC |9 346990 | |
| 650 | 0 | |a Ciudades |9 265474 | |
| 650 | 7 | |a PLANOS |2 CL-VaPUC |9 260106 | |
| 651 | 7 | |a SALAMANCA |2 CL-VaPUC |9 352655 | |
| 651 | 0 | |a España |9 254926 | |
| 583 | |a last modification |c 19960109 00:00:00 |k Rodrigo Vera | ||
| 999 | |c 243713 |d 243711 | ||